Statystyki dla 15 krajów o największej liczbie zgonów Covid19 - 15 września

Kliknij tutaj aby rozwiązać quiz!

Ogólne statystyki

  • Ten quiz został rozwiązany 20 razy
  • Średni wynik to 11 z 20

Statystyki odpowiedzi

kraj% Poprawnych
Stany Zjednoczone
95%
Francja
89%
Rosja
89%
Hiszpania
84%
Włochy
84%
Wielka Brytania
79%
Meksyk
74%
Brazylia
63%
Indie
63%
Peru
58%
Argentyna
53%
Kolumbia
53%
Iran
47%
Szwecja
47%
Republika
Południowej Afryki
37%
Boliwia
32%
Chile
32%
Belgia
26%
Ekwador
21%
Panama
11%

Rozkład punktacji

Percentyl według liczby udzielonych odpowiedzi

Procent ludzi z każdym wynikiem

Twoja historia wyników

Nie rozwiązałeś tego quizu